¿Qué ciudad en Perú? - Estadísticas

Estadísticas generales
  • Esta prueba ha sido intentada 532 veces
  • La puntuación promedio es 9 de 18
Estadísticas de respuestas
Pista Letra inicial Ciudad % Correcto
Está en el Top 30 de ciudades más pobladas. L Lima
99%
Fue la capital del Imperio Inca. C Cusco
94%
Esta "Ciudad Blanca" fue construida con piedra volcánica de color blanco. A Arequipa
80%
Es conocida por sus "líneas". N Nazca
75%
La ciudad más grande del mundo a la que no se puede llegar por carretera. I Iquitos
59%
Contiene el puerto más importante del Perú. C Callao
57%
Famosa por la ciudadela de adobe de Chan Chan, la más grande de América. T Trujillo
57%
Es el mayor productor de vino y pisco I Ica
56%
Le perteneció a Chile en la guerra del pacífico. T Tacna
54%
Fue el centro de una organización terrorista (Sendero Luminoso). A Ayacucho
43%
El Señor de Sipán es uno de los restos arqueológicos más importantes de esta ciudad. C Chiclayo
40%
Lugar de captura del Inca Atahualpa por los españoles. C Cajamarca
39%
Primera ciudad fundada por los españoles en Perú P Piura
37%
Se le atribuye tener el “mejor clima del mundo” H Huánuco
33%
Aquí se encuentra el único Oasis en Sudamérica H Huacachina
32%
Llegó a ser considerado como “Primer puerto pesquero del mundo” C Chimbote
29%
El pueblo más alto del mundo. L La Rinconada
29%
Conocida como la "Ciudad de las Palmeras" T Tarapoto
25%
No se encontraron pruebas coincidentes
Distribución de puntuación
Porcentaje de gente con cada puntuación
Porcentaje por número respondido
Historial de tus puntuaciones
No has intentado esta prueba.